A mezőgazdasági termelőszövetkezetek társulásainak belső szervezete és működése

Elmentve itt :
Bibliográfiai részletek
Szerző: Ocsák József
További közreműködők: nincs megadva (Témavezető)
Dokumentumtípus: Szakdolgozat
Megjelent: 1977
Tárgyszavak:
Online Access:http://diploma.bibl.u-szeged.hu/19216
LEADER 00597nta a2200157 i 4500
001 dipl19216
005 20130314075256.0
008 111130s1977 hu om 0|| zxx d
040 |a SZTE Diploma Repozitórium  |b hun 
041 |a zxx 
100 1 |a Ocsák József 
245 1 2 |a A mezőgazdasági termelőszövetkezetek társulásainak belső szervezete és működése  |h [elektronikus dokumentum] /  |c József Ocsák 
260 |c 1977 
650 4 |a Jogi és igazgatási tanulmányok 
700 1 |a nincs megadva  |e ths 
856 4 0 |u http://diploma.bibl.u-szeged.hu/id/eprint/19216/1/1977_ocsak_jozsef.pdf  |z Dokumentum-elérés